Urban Parks Forum to widen green space role (Record no. 72864)
[ view plain ]
| 000 -LEADER | |
|---|---|
| fixed length control field | 00819cam a2200181 4500 |
| 001 - CONTROL NUMBER | |
| control field | WB3922-09 |
| 008 - FIXED-LENGTH DATA ELEMENTS--GENERAL INFORMATION | |
| fixed length control field | 030617n2003 000 0 eng u |
| 035 ## - SYSTEM CONTROL NUMBER | |
| System control number | (Sirsi) u122622 |
| 245 ## - TITLE STATEMENT | |
| Title | Urban Parks Forum to widen green space role |
| 260 ## - PUBLICATION, DISTRIBUTION, ETC. | |
| Date of publication, distribution, etc. | 2003 |
| 490 ## - SERIES STATEMENT | |
| Series statement | Regeneration and Renewal |
| Volume/sequential designation | 6 June 2003, 4(1) |
| 520 ## - SUMMARY, ETC. | |
| Summary, etc. | The Urban Parks Forum has been renamed GreenSpace to reflect the widening of its remit to include green spaces and parks in both urban and rural areas. The organisation will operate as a strategic partner to CabeSpace and is hoping to gain charitable status to enable it to become more credible to potential funders and develop long-term sources of income. |
| 590 ## - LOCAL NOTE (RLIN) | |
| Local note | TEST |
| 650 ## - SUBJECT ADDED ENTRY--TOPICAL TERM | |
| Topical term or geographic name entry element | GREEN SPACES |
| 650 ## - SUBJECT ADDED ENTRY--TOPICAL TERM | |
| Topical term or geographic name entry element | PARKS |
| 690 ## - LOCAL SUBJECT ADDED ENTRY--TOPICAL TERM (OCLC, RLIN) | |
| Topical term or geographic name as entry element | ENVIRONMENTAL AND LAND CONSULTANCY |
| 942 ## - ADDED ENTRY ELEMENTS (KOHA) | |
| Suppress in OPAC | 0 |
| Withdrawn status | Lost status | Source of classification or shelving scheme | Damaged status | Not for loan | Home library | Current library | Shelving location | Date acquired | Total Checkouts | Full call number | Barcode | Date last seen | Copy number | Price effective from | Koha item type |
|---|---|---|---|---|---|---|---|---|---|---|---|---|---|---|---|
| Dewey Decimal Classification | London | London | News article | 17/06/2003 | WB3922-09 | 122622-1001 | 06/08/2019 | 1 | 06/08/2019 | News article |